[Event "Lake Sevan 2015"]
[Site "Martuni ARM"]
[Date "2015.07.20"]
[Round "9.3"]
[White "Ter-Sahakyan, Samvel"]
[Black "Salem, A.R. Saleh"]
[Result "1-0"]
[WhiteTitle "GM"]
[BlackTitle "GM"]
[WhiteElo "2593"]
[BlackElo "2615"]
[WhiteFideId "13302531"]
[BlackFideId "9301348"]
[EventDate "2015.07.12"]

1. e4 c5 2. Nf3 d6 3. Bb5+ Nd7 4. c3 Nf6 5. Qe2 a6 6. Ba4 b5 7. Bc2 Bb7 8. O-O
e6 9. d4 Be7 10. Re1 O-O 11. Nbd2 cxd4 12. cxd4 Qc7 13. Nf1 Rfc8 14. Bd3 e5 15.
Ng3 exd4 16. Nxd4 g6 17. b3 Re8 18. Bb2 Bf8 19. Qd2 Ne5 20. Rac1 Qb6 21. Bb1
Nfg4 22. h3 Bh6 23. f4 Nf6 24. Kh1 Ned7 25. Ndf5 gxf5 26. Nxf5 Bf8 27. e5 dxe5
28. fxe5 Nh5 29. Nd6 Re6 30. Qg5+ Ng7 31. Qh4 h6 32. Bd4 Bxd6 33. Bxb6 Be7 34.
Qf2 Nxb6 35. Rc7 Rb8 36. Rf1 f5 37. Bxf5 Rxe5 38. Qg3 Bxg2+ 39. Qxg2 Bg5 40. Bb1
Nd5 41. Qc2 Nf5 42. Rxf5 1-0

[Event "Lake Sevan 2015"]
[Site "Martuni ARM"]
[Date "2015.07.20"]
[Round "9.4"]
[White "Hovhannisyan, Robert"]
[Black "Artemiev, Vladislav"]
[Result "1/2-1/2"]
[WhiteTitle "GM"]
[BlackTitle "GM"]
[WhiteElo "2611"]
[BlackElo "2660"]
[WhiteFideId "13302507"]
[BlackFideId "24101605"]
[EventDate "2015.07.12"]

1. e4 c5 2. Nf3 d6 3. d4 cxd4 4. Nxd4 Nf6 5. Nc3 a6 6. Be2 e6 7. f4 Nc6 8. Be3
Be7 9. Qd2 O-O 10. O-O-O Nd7 11. Kb1 Nxd4 12. Bxd4 b5 13. a3 Bb7 14. Rhf1 Qc7
15. f5 Nf6 16. Bf3 Qc4 17. Be2 Qc7 18. Bf3 Qc4 19. fxe6 fxe6 20. Be2 Qc7 21.
Bxf6 Bxf6 22. Qxd6 Qxd6 23. Rxd6 Bxc3 24. bxc3 Bxe4 25. Rxe6 Bxg2 26. Rxf8+ Kxf8
27. c4 bxc4 28. Bxc4 a5 29. Re2 Bc6 30. Kb2 Ra7 31. Re5 Be8 32. Kc3 Bg6 33. Bd3
Bf7 34. Kd4 h6 35. c4 g5 36. Be4 Rd7+ 37. Bd5 Kg7 38. Rf5 Be6 39. Rf2 Bh3 40.
Kc5 h5 41. Kb5 h4 42. Kxa5 g4 43. Kb4 Kh6 1/2-1/2